书目信息 |
| 题名: |
先前的风气
|
|
| 作者: | 穆涛, 著 | |
| 分册: | ||
| 出版信息: | 西安 陕西师范大学出版总社 2014.10 |
|
| 页数: | 338页 | |
| 开本: | 25cm | |
| 丛书名: | ||
| 单 册: | ||
| 中图分类: | I267 | |
| 科图分类: | ||
| 主题词: | 散文集--san wen ji--中国--当代 | |
| 电子资源: | ||
| ISBN: | 978-7-5613-7892-2 | |
| 000 | 00905nam0 2200241 450 | |
| 001 | CAL 0120141416818 | |
| 005 | 20150806160139.64 | |
| 010 | @a978-7-5613-7892-2@dCNY48.00 | |
| 100 | @a20141120d2014 em y0chiy50 ea | |
| 101 | 0 | @achi |
| 102 | @aCN@b610000 | |
| 106 | @ar | |
| 200 | 1 | @a先前的风气@Axian qian de feng qi@f穆涛著 |
| 205 | @a第2版@b修订版 | |
| 210 | @a西安@c陕西师范大学出版总社@d2014.10 | |
| 215 | @a338页@d25cm | |
| 330 | @a《先前的风气》是一部以品读汉代及先秦典籍所得之体会为主要内容, 以长长短短、错落有致的句子为主要表现形式, 以趣味性、典雅性、思想性为内涵的精妙语言为载体的文化散文集, 讲述了作者对历史、文学、语言、生活等多方面的人生感悟, 文章闪烁着古代笔记小品之神韵, 更显露出大智慧。 | |
| 586 | @a | |
| 606 | 0 | @a散文集@Asan wen ji@y中国@z当代 |
| 690 | @aI267@v5 | |
| 701 | 0 | @a穆涛,@Amu tao@f1963-@4著 |
| 801 | 0 | @aCN@c20150820 |
| 905 | @a河南城建学院图书馆@dI267@eM9891@f3 | |
| 先前的风气/穆涛著.-第2版,修订版.-西安:陕西师范大学出版总社,2014.10 |
| 338页;25cm |
| ISBN 978-7-5613-7892-2:CNY48.00 |
| 《先前的风气》是一部以品读汉代及先秦典籍所得之体会为主要内容, 以长长短短、错落有致的句子为主要表现形式, 以趣味性、典雅性、思想性为内涵的精妙语言为载体的文化散文集, 讲述了作者对历史、文学、语言、生活等多方面的人生感悟, 文章闪烁着古代笔记小品之神韵, 更显露出大智慧。 |
| ● |
| 相关链接 |
|
|
|
正题名:先前的风气
索取号:I267/M9891
 
预约/预借
| 序号 | 登录号 | 条形码 | 馆藏地/架位号 | 状态 | 备注 |
| 1 | 1162376 | 211623769 | 文学库116/116文学库 6排1列2层/ [索取号:I267/M9891] | 在馆 | |
| 2 | 1162377 | 211623778 | 文学库116/116文学库 6排1列2层/ [索取号:I267/M9891] | 在馆 | |
| 3 | 1162378 | 211623787 | 社科二线422/422社科库 13排2列1层/ [索取号:I267/M9891] | 在馆 |